| 000 | 00622nam a22001817a 4500 | ||
|---|---|---|---|
| 999 |
_c188821 _d188821 |
||
| 005 | 20220603162642.0 | ||
| 010 | _aENG-132991 | ||
| 020 |
_a978-81-234-1994-7 _c150.00 |
||
| 035 | _aEN-116523 | ||
| 037 | _bDBAD/PUB | ||
| 082 | _a894.81109001 | ||
| 245 |
_aThe collected papers on classical Tamil, Literature in the journal of 'Tamil Culture'/ _ccompiled by D. Sivaganesh |
||
| 260 |
_aChennai _bNew Century Book House (P) Ltd. |
||
| 270 |
_a41-B, Sidco Industrial Estate, Ambattur _bChennai _e600098 |
||
| 300 |
_a238p. _c22cm(pbk) |
||
| 700 | _aD. Sivaganesh | ||
| 942 |
_2ddc _cEN _mTHE _h894.81109001 |
||